Länder der Welt Quiz - 5 Minuten Sprint - Statistiken

Allgemein
  • Dieses Quiz wurde 3.626 mal gespielt
  • Das Durchschnittsergebnis liegt bei 106 aus 196
Antworten auf der Karte
Die Antworten werden auf der Karte rot bzw. grün angezeigt, abhängig davon wie oft sie richtig erraten wurden.
 
Antwortstatistiken
Land % Korrekt
Vereinigte Staaten
92%
Kanada
90%
Deutschland
87%
Frankreich
87%
Mexiko
87%
Russland
87%
China
84%
Spanien
84%
Brasilien
83%
Norwegen
83%
Schweden
83%
Dänemark
82%
Finnland
82%
Italien
82%
Chile
81%
Indien
81%
Irland
81%
Polen
81%
Portugal
81%
Argentinien
79%
Island
79%
Australien
77%
Türkei
77%
Ukraine
77%
Peru
76%
Belgien
75%
Estland
75%
Schweiz
75%
Iran
74%
Japan
74%
Belarus
73%
Lettland
73%
Litauen
73%
Niederlande
73%
Österreich
73%
Vereinigtes Königreich
73%
Irak
72%
Mongolei
72%
Kolumbien
71%
Griechenland
70%
Kasachstan
70%
Bolivien
69%
Ägypten
68%
Tschechien
68%
Kuba
67%
Marokko
67%
Venezuela
67%
Oman
66%
Uruguay
66%
Algerien
65%
Indonesien
65%
Jemen
65%
Panama
65%
Paraguay
65%
Rumänien
65%
Saudi-Arabien
65%
Albanien
63%
Ecuador
63%
Neuseeland
63%
Ungarn
63%
Kroatien
62%
Niger
62%
Südafrika
62%
Südkorea
62%
Thailand
62%
Bulgarien
61%
Nordkorea
61%
Pakistan
61%
Slowakei
61%
Slowenien
61%
Serbien
60%
Demokratische Republik Kongo
59%
Haiti
59%
Republik Kongo
59%
Afghanistan
58%
Bosnien und Herzegowina
58%
Luxemburg
58%
Nigeria
58%
Guyana
57%
Honduras
57%
Libyen
57%
Sudan
57%
Suriname
57%
Vietnam
57%
Andorra
56%
Costa Rica
56%
Israel
56%
Kosovo
56%
Madagaskar
56%
Mali
56%
Malta
56%
Syrien
56%
Tunesien
56%
Guatemala
55%
Laos
55%
Nepal
55%
Nicaragua
54%
Bahamas
53%
Belize
53%
Liechtenstein
53%
Monaco
53%
El Salvador
52%
Moldawien
52%
Tschad
52%
Vatikanstadt
52%
Zypern
52%
Dominikanische Republik
51%
Jamaika
51%
Usbekistan
51%
San Marino
50%
Armenien
49%
Ghana
49%
Katar
49%
Myanmar
49%
Somalia
49%
Südsudan
49%
Turkmenistan
49%
Georgien
48%
Kenia
48%
Namibia
48%
Nordmazedonien
48%
Philippinen
48%
Sri Lanka
48%
Togo
48%
Angola
47%
Äthiopien
47%
Bhutan
47%
Jordanien
47%
Kirgisistan
47%
Malaysia
46%
Mauretanien
46%
Montenegro
46%
Vereinigte Arabische Emirate
46%
Aserbaidschan
45%
Bangladesch
45%
Libanon
45%
Kambodscha
44%
Tadschikistan
44%
Guinea
43%
Papua-Neuguinea
42%
Taiwan
42%
Bahrain
41%
Benin
41%
Kuwait
41%
Barbados
40%
Dominica
40%
Eritrea
40%
St. Lucia
40%
Fidschi
39%
Sambia
39%
Senegal
39%
St. Kitts und Nevis
39%
Tansania
39%
Gambia
38%
Lesotho
38%
Malediven
38%
Mosambik
38%
St. Vincent und die Grenadinen
38%
Botswana
37%
Kamerun
37%
Brunei
36%
Simbabwe
36%
Uganda
36%
Elfenbeinküste
35%
Grenada
35%
Liberia
35%
Malawi
35%
Antigua und Barbuda
34%
Föderierte Staaten von Mikronesien
34%
Gabun
34%
Kap Verde
34%
Kiribati
34%
Singapur
34%
Tonga
34%
Eswatini
33%
Palau
33%
Ruanda
33%
Samoa
33%
Trinidad und Tobago
33%
Guinea-Bissau
32%
Mauritius
32%
Nauru
32%
Seychellen
32%
Burundi
31%
Komoren
31%
Tuvalu
31%
Zentralafrikanische Republik
31%
Burkina Faso
30%
Osttimor
30%
Vanuatu
30%
Dschibuti
29%
São Tomé und Príncipe
29%
Salomonen
28%
Marshallinseln
27%
Sierra Leone
26%
Äquatorial-Guinea
22%
Keine übereinstimmenden Quizze gefunden
Verteilung der Resultate
Anzahl Personen mit jedem Resultat
Perzentil nach korrekt beantworteten Fragen
Ihre Resultats-Entwicklung
Sie haben dieses Quiz noch nicht gespielt